10 Biggest Cities by Country in South America - Statistics

General Stats
  • This quiz has been taken 32 times
  • The average score is 51 of 120
Answer Stats
Country City Population % Correct
Colombia Bogota 7,876,000
97%
Rio de Janeiro 6,729,894
97%
Chile Santiago 5,220,161
97%
Brazil Sao Paulo 11,895,578
97%
Belo Horizonte 2,416,339
93%
Argentina Buenos Aires 3,121,707
93%
La Paz 758,845
93%
Peru Lima 11,166,200
93%
Medellin 2,553,600
93%
Paraguay Asuncion 462,241
90%
Brasilia 2,982,818
90%
Cali 2,234,400
90%
Caracas 2,087,700
90%
Uruguay Montevideo 1,287,452
90%
Quito 1,763,275
90%
Salvador 2,568,928
90%
Sucre 238,798
90%
Bello 546,900
87%
Cordoba 1,493,668
87%
Fortaleza 2,574,412
87%
Guyana Georgetown 118,369
87%
Ecuador Guayaquil 2,650,288
87%
Manaus 2,279,686
87%
Suriname Paramaribo 240,924
87%
Recife 1,587,707
87%
Bolivia Santa Cruz 1,442,396
87%
Barranquilla 1,322,900
83%
Venezuela Maracaibo 2,262,600
83%
Rosario 1,030,069
83%
Arequipa 1,125,400
80%
Cusco 492,400
80%
Valparaiso 252,888
80%
Cartagena 931,500
77%
Curitiba 1,829,225
77%
Valencia 1,585,500
77%
Goiania 1,494,599
70%
Cochabamba 632,013
67%
El Alto 846,880
63%
Antofagasta 352,638
60%
Concepcion 219,057
60%
La Plata 755,233
60%
Maracay 464,700
57%
Salta 589,558
57%
Salto 114,084
57%
Trujillo 1,025,100
57%
Barquisimeto 1,089,100
53%
Bucaramanga 605,000
53%
San Miguel de Tucuman 587,289
53%
Mar del Plata 644,234
47%
Viña del Mar 334,248
40%
Barcelona 454,200
37%
Ciudad del Este 325,819
37%
Cucuta 777,400
37%
Puente Alto 568,094
37%
Temuco 236,377
37%
Ciudad Bolivar 425,000
33%
Ciudad Guayana 893,400
33%
Cuenca 361,524
33%
Iquitos 430,700
33%
Oruro 264,943
33%
Luque 259,705
30%
New Amsterdam 15,373
30%
Piura 547,100
30%
Ciudad de la Costa 113,252
27%
Huancayo 450,900
27%
Potosi 176,022
27%
Soledad 675,100
27%
Chiclayo 663,200
23%
Duran 295,211
23%
San Bernardo 291,610
23%
San Lorenzo 225,395
23%
Santo Domingo 334,826
23%
Soacha 778,400
23%
Chimbote 395,100
20%
Loja 203,496
20%
Machala 288,072
20%
Manta 258,697
20%
Paysandu 81,550
20%
Rancagua 231,890
20%
Talca 237,295
20%
Capiata 236,999
17%
Lelydorp 18,663
17%
Linden 28,674
17%
Portoviejo 244,129
17%
Pucallpa 396,400
17%
San Justo 1,837,168
17%
Tarija 179,561
17%
Anna Regina 11,133
13%
Lambare 127,150
13%
Las Piedras 61,306
13%
Maldonado 102,000
13%
Maturin 508,200
13%
Paradise 16,332
13%
Quillacollo 117,859
13%
Quilmes 631,774
13%
Rivera 84,775
13%
Sacaba 150,110
13%
De Nieuwe Grond 26,161
10%
Fernando de la Mora 110,255
10%
Koewarasan 27,713
10%
Tacuarembo 60,586
10%
Golden Grove 23,129
7%
Limpio 139,652
7%
Meerzorg 12,405
7%
Melo 56,013
7%
Moengo 10,834
7%
Ñemby 116,383
7%
Nieuw Nickerie 12,818
7%
Pedro Juan Caballero 114,944
7%
Petare 441,700
7%
Artigas 43,894
3%
Better Hope 15,243
3%
Houttuin 15,656
3%
Kwatta 14,151
3%
Lomas de Zamora 685,644
3%
Saramacca Polder 10,217
3%
Vreed en Hoop 11,590
3%
Calderon 249,941
0%
Lusignan 18,928
0%
Tuchen 12,219
0%
No matching quizzes found
Score Distribution
Percent of People with Each Score
Percentile by Number Answered
Your Score History
You have not taken this quiz